Salta al contenuto

Влияние мирового экономического кризиса на условия финансирования малого бизнеса в России Статья

Salvato in:
Dettagli Bibliografici
Autore principale: Морозко Н.И
Natura: Статья
Accesso online:https://znanium.com/catalog/document?id=211958
https://znanium.com/cover/0702/702030.jpg
Tags: Aggiungi Tag
Nessun Tag, puoi essere il primo ad aggiungerne! !
LEADER 01345nam0a2200217 i 4500
001 RU\infra-m\znanium\bibl\702030
003 https://znanium.com/catalog/document?id=211958
005 20190327000000.0
100 |a 20190327d2016 m y0rusy0150 ca 
101 0 |a rus 
102 |a RU 
200 1 |a Влияние мирового экономического кризиса на условия финансирования малого бизнеса в России  |e Статья  |f Финансовый университет при Правительстве Российской Федерации 
210 1 |a Москва  |c ООО "Научно-издательский центр ИНФРА-М"  |d 2016 
215 |a 4 с. 
608 |a Статья  |2 local 
675 |a 3397  |z rus 
686 |a 655  |2 rubbk 
700 1 |a Морозко  |b Н.И.  |g Наталья Иосифовна  |p Финансовый университет при Правительстве Российской Федерации 
801 0 |a RU  |b Общество с ограниченной ответственностью «ЗНАНИУМ»  |c 20160726  |2 rusmarc 
856 4 |a znanium.com  |m ebs_support@infra-m.ru  |n НИЦ ИНФРА-М  |u https://znanium.com/catalog/document?id=211958 
856 4 1 |a znanium.com  |d /cover/0702  |f 702030.jpg  |q image/jpeg  |u https://znanium.com/cover/0702/702030.jpg